| 000 | 00405nam a2200169Ia 4500 | ||
|---|---|---|---|
| 008 | 230524s9999 xx 000 0 und d | ||
| 020 | _a9.78881E+13 | ||
| 082 | _bBHA | ||
| 100 |
_a"Bhavikatti, S.S" _938344 |
||
| 245 | 0 | _a"Strength of Materials, " | |
| 250 | _a3 | ||
| 260 |
_aNew Delhi _bVikas _c2010 |
||
| 300 | _axiii;408 p. | ||
| 500 | _aQuantity Number: 1 | ||
| 650 | _aMechanics | ||
| 942 | _cBK | ||
| 999 |
_c52849 _d52849 |
||